000 00725nam a2200205Ia 4500
003 GCL
008 140319s9999 xx 000 0 ara d
040 _aGCL /
_cGCL
082 0 4 _a398.944
_bج ق
100 1 _aجبرائيل سكاف(جمعها- وترجمها)
245 1 0 _aالقول المثال فى الحكم والامثال /
_cجبرائيل سكاف(جمعها- وترجمها)
700 1 _aريمون قسيس (مشارك)
260 _a[S.N] :
_bالمؤسسة الجامعية للدراسات والنشر والتوزيع ،
_c1986
300 _a271 ص
490 _a
650 0 4 _aالادب الشعبى
650 0 4 _aالامثال العامية
650 0 4 _aالامثال
942 _2ddc
_cBK
999 _c34965
_d34965